00330nam a2200109Ia 4500008004000000082001700040100004900057245005200106260002200158300001600180650002400196210210b1976 xxu||||| |||| 00| 0 eng d a338.003 COUW aCOUNCIL OF SCIENTIFIC & INDUSTRIAL RESEARCH. aWealth of India: industrial products.P7-Pl-Sh.. aNDbC S I Rc1976 axvi,347,xii aIndustrial Products